Occupational stress : (Record no. 93149)

MARC details
000 -LEADER
fixed length control field 00686nam a22002057a 4500
005 - DATE AND TIME OF LATEST TRANSACTION
control field 20150603115845.0
010 ## - LCCN (DPL NO)
LC control number ENG-112764
020 ## - INTERNATIONAL STANDARD BOOK NUMBER
Terms of availability 400.00
International Standard Book Number 9788184249248
035 ## - SYSTEM CONTROL NUMBER
System control number EN-96296
037 ## - SOURCE OF ACQUISITION
Source of stock number/acquisition DBAD/PUB
082 ## - DEWEY DECIMAL CLASSIFICATION NUMBER
Classification number 616.89071
100 ## - MAIN ENTRY--PERSONAL NAME
Personal name Sumathi Annamalai
245 ## - TITLE STATEMENT
Title Occupational stress :
Remainder of title a study of employee stress in Indian ITES industry /
Statement of responsibility, etc by Sumathi Annamalai [and] R.Nandagopal
260 ## - PUBLICATION, DISTRIBUTION, ETC. (IMPRINT)
Place of publication, distribution, etc New Delhi
Name of publisher, distributor, etc Allied Publishers
Date of publication, distribution, etc 2014
270 ## - ADDRESS
Address A-104 Mayapuri Phase II,
City New Delhi
Postal code 110064
300 ## - PHYSICAL DESCRIPTION
Extent vii,167p.
Dimensions 22cm(pbk)
500 ## - GENERAL NOTE
General note Includes bibliographical references
700 ## - ADDED ENTRY--PERSONAL NAME
Personal name Nandagopal, R.
942 ## - ADDED ENTRY ELEMENTS (KOHA)
Source of classification or shelving scheme Dewey Decimal Classification
Item type English Books
Call number suffix SUM
Classification part 616.89071
Holdings
Withdrawn status Lost status Not for loan Collection code Home library Current library Date acquired Source of acquisition Cost, normal purchase price Full call number Barcode Copy number Cost, replacement price Koha item type
    Not For Loan Non-fiction D.B.Act.Division D.B.Act.Division 24/04/2015 DBAD/PUB 400.00 616.89071 SUM EN-96296 1 400.00 English Books

© Delhi Public Library
Hit Counter
free hit counter